Online
Catalog

Juegos de ecología / (Record no. 24806)

MARC details
000 -CABECERA
campo de control de longitud fija 00554nam a2200181 a 4500
001 - NÚMERO DE CONTROL
campo de control 000025313
005 - FECHA Y HORA DE LA ÚLTIMA TRANSACCIÓN
campo de control 20200930023712.0
008 - DATOS DE LONGITUD FIJA--INFORMACIÓN GENERAL
campo de control de longitud fija 110214s1996 mx ad r 000 0 spa d
020 ## - NÚMERO INTERNACIONAL ESTÁNDAR DEL LIBRO
Número Internacional Estándar del Libro 9684442289
040 ## - FUENTE DE LA CATALOGACIÓN
Centro catalogador/agencia de origen DO-SdBNP
Lengua de catalogación spa
Centro/agencia transcriptor BNPHU
082 ## - NÚMERO DE LA CLASIFICACIÓN DECIMAL DEWEY
Número de clasificación xxxxx
Número de documento/Ítem M976j
049 ## - FONDOS LOCALES (OCLC)
Fondos de biblioteca BNGR
100 1# - ENTRADA PRINCIPAL--NOMBRE DE PERSONA
Nombre de persona Murgades, Francesc
9 (RLIN) 51850
245 10 - MENCIÓN DE TÍTULO
Título Juegos de ecología /
Mención de responsabilidad, etc. Francesc Murgades.
260 ## - PUBLICACIÓN, DISTRIBUCIÓN, ETC.
Lugar de publicación, distribución, etc. México, D. F. :
Nombre del editor, distribuidor, etc. Biblioteca de Recursos Didácticos Alhambra,
Fecha de publicación, distribución, etc. 1996.
300 ## - DESCRIPCIÓN FÍSICA
Extensión 132 p. :
Otras características físicas il., retrs. ;
Dimensiones 22.5 cm.
500 ## - NOTA GENERAL
Nota general Incluye índice alfabético.
Holdings
Estado de retiro Estado de pérdida Restricciones de uso No para préstamo Código de colección Localización permanente Ubicación/localización actual Ubicación en estantería Fecha de adquisición Número de inventario Total de préstamos Signatura topográfica completa Código de barras Fecha visto por última vez Precio válido a partir de Tipo de ítem Koha
        Monografías: Libros y Folletos General General En catalogación 14.02.2011 LF1   xxxxx M976j 25313-10 25.06.2020 25.06.2020 Préstamo en sala

Powered by Koha